Everybody Hates Chris Quiz - Statistics

General Stats
  • This quiz has been taken 14 times
  • The average score is 13 of 19
Answer Stats
Picture Answer % Correct
Chris
100%
Drew
100%
Julius
100%
Greg
89%
Rochelle
89%
Tonya
89%
Malvo
78%
Mr. Omar
78%
Caruso
67%
Doc
67%
Jerome
67%
Risky
67%
Tasha
67%
Mrs. Morello
56%
Vanessa
56%
Kill Moves
44%
Peaches
44%
James
22%
Monk
11%
No matching quizzes found
Score Distribution
Percent of People with Each Score
Percentile by Number Answered
Your Score History
You have not taken this quiz